<?xml version="1.0" encoding="UTF-8"?>
<record
    xmlns:xsi="http://www.w3.org/2001/XMLSchema-instance"
    xsi:schemaLocation="http://www.loc.gov/MARC21/slim http://www.loc.gov/standards/marcxml/schema/MARC21slim.xsd"
    xmlns="http://www.loc.gov/MARC21/slim">

  <leader>03719nam a2200397 a 4500</leader>
  <controlfield tag="003">CHAP</controlfield>
  <controlfield tag="005">20230502104228.0</controlfield>
  <controlfield tag="007">ta</controlfield>
  <controlfield tag="008">230428s2019    sp ado|fr|||| 001 0 spa d</controlfield>
  <datafield tag="020" ind1=" " ind2=" ">
    <subfield code="a">978-84-16383-53-5</subfield>
  </datafield>
  <datafield tag="040" ind1=" " ind2=" ">
    <subfield code="a">mxchpua</subfield>
    <subfield code="c">CHAP</subfield>
    <subfield code="e">rda</subfield>
  </datafield>
  <datafield tag="050" ind1="1" ind2="0">
    <subfield code="a">TS156</subfield>
    <subfield code="b">.M57 2019</subfield>
  </datafield>
  <datafield tag="082" ind1="0" ind2="0">
    <subfield code="a">658.562</subfield>
    <subfield code="b">M57 2019</subfield>
    <subfield code="2">20</subfield>
  </datafield>
  <datafield tag="100" ind1="1" ind2=" ">
    <subfield code="9">186856</subfield>
    <subfield code="a">Miranda Gonz&#xE1;lez, Francisco J.</subfield>
    <subfield code="e">autor</subfield>
  </datafield>
  <datafield tag="245" ind1="1" ind2="0">
    <subfield code="a">Calidad y excelencia / </subfield>
    <subfield code="c">Francisco J. Miranda Gonz&#xE1;lez, Antonio Chamorro Mera, Sergio Rubio Lacoba</subfield>
  </datafield>
  <datafield tag="250" ind1=" " ind2=" ">
    <subfield code="a">1a edici&#xF3;n</subfield>
  </datafield>
  <datafield tag="264" ind1=" " ind2=" ">
    <subfield code="a">Madrid, Espa&#xF1;a :</subfield>
    <subfield code="b">Delta,</subfield>
    <subfield code="c">2019</subfield>
  </datafield>
  <datafield tag="300" ind1=" " ind2=" ">
    <subfield code="a">xvi, 286 p&#xE1;ginas :</subfield>
    <subfield code="b">ilustraciones, gr&#xE1;ficas, diagramas, tablas, fotos</subfield>
  </datafield>
  <datafield tag="336" ind1=" " ind2=" ">
    <subfield code="2">rdacontent</subfield>
    <subfield code="a">texto</subfield>
    <subfield code="b">txt</subfield>
  </datafield>
  <datafield tag="337" ind1=" " ind2=" ">
    <subfield code="2">rdamedia</subfield>
    <subfield code="a">sin medio</subfield>
    <subfield code="b">n</subfield>
  </datafield>
  <datafield tag="338" ind1=" " ind2=" ">
    <subfield code="2">rdacarrier</subfield>
    <subfield code="a">volumen</subfield>
    <subfield code="b">nc</subfield>
  </datafield>
  <datafield tag="504" ind1=" " ind2=" ">
    <subfield code="a">Incluye bibliograf&#xED;as</subfield>
  </datafield>
  <datafield tag="505" ind1=" " ind2=" ">
    <subfield code="a">Cap&#xED;tulo 1. Calidad: concepto y evoluci&#xF3;n hist&#xF3;rica --
Cap&#xED;tulo 2. Los gur&#xFA;s de la calidad --
Cap&#xED;tulo 3. El modelo de gesti&#xF3;n de la calidad total --
Cap&#xED;tulo 4. Herramientas para la gesti&#xF3;n de la calidad --
Cap&#xED;tulo 5. Control estad&#xED;stico de procesos --
Cap&#xED;tulo 6. Normalizaci&#xF3;n y certificaci&#xF3;n --
Cap&#xED;tulo 7. La excelencia en la gesti&#xF3;n --
Cap&#xED;tulo 8. Gesti&#xF3;n de la calidad en los servicios --
Cap&#xED;tulo 9 La gesti&#xF3;n de la calidad medioambiental --
Anexo</subfield>
  </datafield>
  <datafield tag="520" ind1=" " ind2=" ">
    <subfield code="a">Este texto est&#xE1; dirigido a aquellas personas que quieren introducirse en el mundo de la gesti&#xF3;n de la calidad y la excelencia en las organizaciones. Se ha dise&#xF1;ado para que pueda ser utilizado como manual docente en asignaturas relacionadas con la gesti&#xF3;n de la calidad en las distintas titulaciones universitarias, tanto del &#xE1;mbito de las ciencias econ&#xF3;micas y empresariales, como de las ingenier&#xED;as. Sin embargo, su utilidad no se limita al &#xE1;mbito universitario, ya que su car&#xE1;cter pr&#xE1;ctico puede convertirle en una herramienta &#xFA;til para directivos y profesionales que est&#xE9;n iniciando su formaci&#xF3;n en el campo de la gesti&#xF3;n de la calidad y deseen aplicar herramientas de mejora en sus organizaciones.Este manual pretende ayudar a entender el funcionamiento de la gesti&#xF3;n de la calidad y su vinculaci&#xF3;n con los principios de la excelencia empresarial. Para ello, junto con los planteamientos te&#xF3;ricos, se proporcionan numerosos ejemplos y actividades pr&#xE1;cticas que permiten analizar la aplicaci&#xF3;n de la teor&#xED;a a la realidad de las empresas y las organizaciones. Se incluyen tambi&#xE9;n enlaces a recursos audiovisuales que est&#xE1;n disponibles en Internet y que permiten desarrollar los contenidos de los cap&#xED;tulos o conocer alguna aplicaci&#xF3;n pr&#xE1;ctica de los mismos.Otras de las caracter&#xED;sticas distintivas de este manual es la inclusi&#xF3;n en el mismo de la variable medioambiental como un elemento m&#xE1;s en la gesti&#xF3;n de la calidad en las organizaciones. Para facilitar el aprendizaje de los contenidos tratados, cada cap&#xED;tulo incluye un apartado final denominado Experiencias empresariales que nos acerca a la realidad de la gesti&#xF3;n de la calidad y de la b&#xFA;squeda de la excelencia en el entorno espa&#xF1;ol e iberoamericano, ampliando el conocimiento de nuestro tejido empresarial m&#xE1;s pr&#xF3;ximo, una de las principales carencias detectadas a lo largo de nuestra experiencia docente</subfield>
  </datafield>
  <datafield tag="650" ind1="1" ind2="3">
    <subfield code="9">147085</subfield>
    <subfield code="a">Control de calidad  </subfield>
  </datafield>
  <datafield tag="650" ind1="1" ind2="3">
    <subfield code="9">148852</subfield>
    <subfield code="a">Gesti&#xF3;n administrativa  </subfield>
  </datafield>
  <datafield tag="650" ind1="1" ind2="3">
    <subfield code="9">186859</subfield>
    <subfield code="a">Certificaci&#xF3;n</subfield>
  </datafield>
  <datafield tag="650" ind1="1" ind2="3">
    <subfield code="9">143891</subfield>
    <subfield code="a">Gesti&#xF3;n ambiental</subfield>
  </datafield>
  <datafield tag="650" ind1="1" ind2="3">
    <subfield code="9">147087</subfield>
    <subfield code="a">Quality control</subfield>
  </datafield>
  <datafield tag="650" ind1="1" ind2="3">
    <subfield code="9">148850</subfield>
    <subfield code="a">Administrative management</subfield>
  </datafield>
  <datafield tag="650" ind1="1" ind2="3">
    <subfield code="9">186860</subfield>
    <subfield code="a">Certification</subfield>
  </datafield>
  <datafield tag="650" ind1="1" ind2="3">
    <subfield code="9">160239</subfield>
    <subfield code="a">Environmental management</subfield>
  </datafield>
  <datafield tag="700" ind1="1" ind2=" ">
    <subfield code="9">186862</subfield>
    <subfield code="a">Chamorro Mera, Antonio</subfield>
    <subfield code="e">autor</subfield>
  </datafield>
  <datafield tag="700" ind1="1" ind2=" ">
    <subfield code="9">186863</subfield>
    <subfield code="a">Rubio Lacoba, Sergio</subfield>
    <subfield code="e">autor</subfield>
  </datafield>
  <datafield tag="942" ind1=" " ind2=" ">
    <subfield code="2">ddc</subfield>
    <subfield code="c">Libro</subfield>
  </datafield>
  <datafield tag="999" ind1=" " ind2=" ">
    <subfield code="c">218651</subfield>
    <subfield code="d">218651</subfield>
  </datafield>
  <datafield tag="952" ind1=" " ind2=" ">
    <subfield code="0">0</subfield>
    <subfield code="1">0</subfield>
    <subfield code="2">ddc</subfield>
    <subfield code="4">0</subfield>
    <subfield code="5">1</subfield>
    <subfield code="7">0</subfield>
    <subfield code="8">GRAL</subfield>
    <subfield code="a">IA_</subfield>
    <subfield code="b">IA_</subfield>
    <subfield code="d">2021-12-16</subfield>
    <subfield code="e">Compra Carvann Books F. C22</subfield>
    <subfield code="i">Consumo</subfield>
    <subfield code="l">0</subfield>
    <subfield code="o">658.562 M57 2019</subfield>
    <subfield code="p">1102014710</subfield>
    <subfield code="r">2023-04-28 00:00:00</subfield>
    <subfield code="t">Ej. 1</subfield>
    <subfield code="w">2023-04-28</subfield>
    <subfield code="y">LIBRO</subfield>
  </datafield>
  <datafield tag="952" ind1=" " ind2=" ">
    <subfield code="0">0</subfield>
    <subfield code="1">0</subfield>
    <subfield code="2">ddc</subfield>
    <subfield code="4">0</subfield>
    <subfield code="5">5</subfield>
    <subfield code="7">0</subfield>
    <subfield code="8">GRAL</subfield>
    <subfield code="a">IA_</subfield>
    <subfield code="b">IA_</subfield>
    <subfield code="d">2021-12-16</subfield>
    <subfield code="e">Compra Carvann Books F. C22</subfield>
    <subfield code="i">Consumo</subfield>
    <subfield code="l">0</subfield>
    <subfield code="o">658.562 M57 2019</subfield>
    <subfield code="p">1102014711</subfield>
    <subfield code="r">2023-04-28 00:00:00</subfield>
    <subfield code="t">Ej. 2</subfield>
    <subfield code="w">2023-04-28</subfield>
    <subfield code="y">LIBRO</subfield>
  </datafield>
  <datafield tag="952" ind1=" " ind2=" ">
    <subfield code="0">0</subfield>
    <subfield code="1">0</subfield>
    <subfield code="2">ddc</subfield>
    <subfield code="4">0</subfield>
    <subfield code="5">5</subfield>
    <subfield code="7">0</subfield>
    <subfield code="8">GRAL</subfield>
    <subfield code="a">IA_</subfield>
    <subfield code="b">IA_</subfield>
    <subfield code="d">2021-12-16</subfield>
    <subfield code="e">Compra Carvann Books F. C22</subfield>
    <subfield code="i">Consumo</subfield>
    <subfield code="l">1</subfield>
    <subfield code="m">1</subfield>
    <subfield code="o">658.562 M57 2019</subfield>
    <subfield code="p">1102014712</subfield>
    <subfield code="r">2024-02-27 00:00:00</subfield>
    <subfield code="s">2024-02-13</subfield>
    <subfield code="t">Ej. 3</subfield>
    <subfield code="w">2023-04-28</subfield>
    <subfield code="y">LIBRO</subfield>
  </datafield>
</record>
